| 000 | 01697nam a2200301 4500 | ||
|---|---|---|---|
| 001 | 318 | ||
| 003 | OSt | ||
| 005 | 20250327125651.0 | ||
| 008 | 250325b |||||||e |||| 00| e eng d | ||
| 040 | _bpor | ||
| 041 |
_hpor _apor |
||
| 082 |
_a282 _bV658h |
||
| 100 | 1 |
_aAntônio Vieira, Padre _d1608-1697 |
|
| 245 |
_aHistórias do futuro / _cAntônio Vieira, Padre ; |
||
| 260 |
_aEspírito Santo _bFormar _c1978 |
||
| 300 | _a179 p. | ||
| 490 | 1 |
_aGrandes Mestres do Pensamento _vLivro 3 |
|
| 500 | _aVolume 3 da Coleção "Grande Mestres do Pensamentos". | ||
| 520 | _aHistória do Futuro é uma obra do Padre António Vieira, escrita no século XVII, que apresenta uma visão profética sobre o destino de Portugal e sua missão no mundo. Inspirado por conceitos religiosos e messiânicos, Vieira desenvolve a ideia do "Quinto Império", um período de glória e expansão do reino português, baseado em interpretações bíblicas e na crença de que Portugal teria um papel central na difusão do cristianismo. O livro mistura elementos históricos, teológicos e políticos, refletindo o pensamento visionário de Vieira e seu desejo de revitalização da nação portuguesa. Embora tenha sido proibido pela Inquisição e só publicado postumamente no século XVIII, História do Futuro continua sendo uma obra fundamental para compreender o pensamento sebastianista e a mentalidade messiânica da época. | ||
| 650 | 0 |
_aLiteratura portuguesa _991 |
|
| 650 | 0 |
_aTeologia _9635 |
|
| 650 | 0 |
_aPolitica _9138 |
|
| 650 | 0 |
_aEvangelização _9636 |
|
| 655 | 0 |
_aNão Ficção _9102 |
|
| 655 | 0 |
_aEnsaio _9417 |
|
| 830 |
_aGrandes Mestres do Pensamento _vvol. 3 _9596 |
||
| 942 |
_2ddc _n0 _cBK |
||
| 999 |
_c318 _d318 |
||